[Event "Wch U12 Girls"]
[Site "Belfort"]
[Date "2005.07.26"]
[Round "8"]
[White "Williams, Jordana"]
[Black "Capelo, Paola"]
[Result "0-1"]
[WhiteElo "1599"]
[BlackElo "1599"]
[PlyCount "55"]
[EventDate "2005.07.19"]
[EventType "swiss"]
[EventRounds "11"]
[EventCountry "FRA"]
[SourceTitle "CBM 107 Extra"]
[Source "ChessBase"]
[SourceDate "2005.09.01"]
[SourceVersion "1"]
[SourceVersionDate "2005.09.01"]
[SourceQuality "1"]

1. e4 e5 2. Nf3 Nc6 3. Bb5 Nd4 4. Nxd4 exd4 5. 0-0 c6 6. Bc4 Ne7 7. Re1 Ng6 8. d3 Be7 9. Nd2 d6 10. h3 a5 11. a4 0-0 12. Nf3 c5 13. Bd2 Kh8 14. Qc1 Be6 15. Bxe6 fxe6 16. Bg5 Ne5 17. Bxe7 Nxf3+ 18. gxf3 Qxe7 19. Kg2 Rf7 20. c3 Raf8 21. Rh1 Rxf3 22. Qd2 Qh4 23. Raf1 R8f6 24. cxd4 cxd4 25. Rh2 Rg6+ 26. Kh1 Rxh3 27. f4 Rgg3 28. Qe1 0-1

[Event "Wch U12 Girls"]
[Site "Belfort"]
[Date "2005.07.22"]
[Round "3"]
[White "Bochis, Julia"]
[Black "Williams, Jordana"]
[Result "1/2-1/2"]
[WhiteElo "1599"]
[BlackElo "1599"]
[PlyCount "65"]
[EventDate "2005.07.19"]
[EventType "swiss"]
[EventRounds "11"]
[EventCountry "FRA"]
[SourceTitle "CBM 107 Extra"]
[Source "ChessBase"]
[SourceDate "2005.09.01"]
[SourceVersion "1"]
[SourceVersionDate "2005.09.01"]
[SourceQuality "1"]

1. Nf3 Nf6 2. c4 e6 3. g3 d5 4. Bg2 Nbd7 5. b3 Bd6 6. Bb2 0-0 7. 0-0 Re8 8. d3 Bf8 9. Nbd2 c6 10. Rc1 e5 11. e3 h6 12. Qc2 Bd6 13. Rfd1 Nf8 14. Qb1 Bg4 15. e4 d4 16. c5 Bc7 17. h3 Bh5 18. Rf1 Ne6 19. Qa1 Nd7 20. Ba3 a5 21. g4 Bg6 22. Nc4 Nf4 23. Rcd1 Ne6 24. Qc1 Ndxc5 25. Bxc5 Nxc5 26. Ncxe5 Nxb3 27. Qc2 Bxe5 28. Qxb3 b6 29. Rb1 Bc7 30. Rfc1 c5 31. Qc4 Qc8 32. Rc2 Kf8 33. Nxd4 1/2-1/2